<?xml version="1.0" encoding="UTF-8"?>
<marc:record xmlns:marc="http://www.loc.gov/MARC21/slim" type="Bibliographic">
   <marc:leader>00000pim a2200000 c 4500</marc:leader>
   <marc:controlfield tag="001">1044428066</marc:controlfield>
   <marc:controlfield tag="003">DE-101</marc:controlfield>
   <marc:controlfield tag="005">20171203150416.0</marc:controlfield>
   <marc:controlfield tag="007">sd||||||||||||</marc:controlfield>
   <marc:controlfield tag="007">co||||||||||||</marc:controlfield>
   <marc:controlfield tag="008">131121s2014    gw |||||q|||||||||||ger  </marc:controlfield>
   <marc:datafield ind1=" " ind2=" " tag="015">
      <marc:subfield code="a">14,A19</marc:subfield>
      <marc:subfield code="z">13,N48</marc:subfield>
      <marc:subfield code="2">dnb</marc:subfield>
   </marc:datafield>
   <marc:datafield ind1="7" ind2=" " tag="016">
      <marc:subfield code="2">DE-101</marc:subfield>
      <marc:subfield code="a">1044428066</marc:subfield>
   </marc:datafield>
   <marc:datafield ind1=" " ind2=" " tag="020">
      <marc:subfield code="a">9783864840715</marc:subfield>
      <marc:subfield code="c">: EUR 19.99 (DE) (freier Pr.), EUR 20.20 (AT) (freier Pr.), sfr 29.90 (freier Pr.)</marc:subfield>
      <marc:subfield code="9">978-3-86484-071-5</marc:subfield>
   </marc:datafield>
   <marc:datafield ind1=" " ind2=" " tag="020">
      <marc:subfield code="a">3864840716</marc:subfield>
      <marc:subfield code="9">3-86484-071-6</marc:subfield>
   </marc:datafield>
   <marc:datafield ind1="3" ind2=" " tag="024">
      <marc:subfield code="a">9783864840715</marc:subfield>
   </marc:datafield>
   <marc:datafield ind1="5" ind2="2" tag="028">
      <marc:subfield code="a">Best.-Nr. RD 21433555</marc:subfield>
   </marc:datafield>
   <marc:datafield ind1=" " ind2=" " tag="035">
      <marc:subfield code="a">(DE-599)DNB1044428066</marc:subfield>
   </marc:datafield>
   <marc:datafield ind1=" " ind2=" " tag="035">
      <marc:subfield code="a">(OCoLC)864725540</marc:subfield>
   </marc:datafield>
   <marc:datafield ind1=" " ind2=" " tag="040">
      <marc:subfield code="a">1145</marc:subfield>
      <marc:subfield code="b">ger</marc:subfield>
      <marc:subfield code="c">DE-101</marc:subfield>
      <marc:subfield code="d">9999</marc:subfield>
   </marc:datafield>
   <marc:datafield ind1=" " ind2=" " tag="041">
      <marc:subfield code="a">ger</marc:subfield>
   </marc:datafield>
   <marc:datafield ind1=" " ind2=" " tag="044">
      <marc:subfield code="c">XA-DE-NW</marc:subfield>
   </marc:datafield>
   <marc:datafield ind1="0" ind2="4" tag="082">
      <marc:subfield code="8">1\u</marc:subfield>
      <marc:subfield code="a">328.43</marc:subfield>
      <marc:subfield code="q">DE-101</marc:subfield>
      <marc:subfield code="2">22/ger</marc:subfield>
   </marc:datafield>
   <marc:datafield ind1="7" ind2=" " tag="083">
      <marc:subfield code="a">320</marc:subfield>
      <marc:subfield code="q">DE-101</marc:subfield>
      <marc:subfield code="2">23sdnb</marc:subfield>
   </marc:datafield>
   <marc:datafield ind1=" " ind2=" " tag="085">
      <marc:subfield code="8">1\u</marc:subfield>
      <marc:subfield code="b">328</marc:subfield>
   </marc:datafield>
   <marc:datafield ind1=" " ind2=" " tag="085">
      <marc:subfield code="8">1\u</marc:subfield>
      <marc:subfield code="z">2</marc:subfield>
      <marc:subfield code="s">43</marc:subfield>
   </marc:datafield>
   <marc:datafield ind1="0" ind2="0" tag="245">
      <marc:subfield code="a">Roger Willemsen liest Das Hohe Haus</marc:subfield>
      <marc:subfield code="b">ein Jahr im Parlament ; exklusive Autorenlesung</marc:subfield>
      <marc:subfield code="c">als Gäste: Annette Schiedeck &amp; Jens-Uwe Krause</marc:subfield>
   </marc:datafield>
   <marc:datafield ind1="3" ind2=" " tag="246">
      <marc:subfield code="a">&#x98;Das&#x9c; Hohe Haus</marc:subfield>
   </marc:datafield>
   <marc:datafield ind1=" " ind2="1" tag="264">
      <marc:subfield code="a">Bochum</marc:subfield>
      <marc:subfield code="b">Roof Music</marc:subfield>
      <marc:subfield code="c">2014</marc:subfield>
   </marc:datafield>
   <marc:datafield ind1=" " ind2=" " tag="300">
      <marc:subfield code="a">6 CDs (8 Std. 6 Min.)</marc:subfield>
      <marc:subfield code="c">12 cm, in Behältnis 13 x 15 x 3 cm</marc:subfield>
      <marc:subfield code="e">Booklet ([32] S.)</marc:subfield>
   </marc:datafield>
   <marc:datafield ind1=" " ind2=" " tag="336">
      <marc:subfield code="a">gesprochenes Wort</marc:subfield>
      <marc:subfield code="b">spw</marc:subfield>
      <marc:subfield code="2">rdacontent</marc:subfield>
   </marc:datafield>
   <marc:datafield ind1=" " ind2=" " tag="337">
      <marc:subfield code="a">audio</marc:subfield>
      <marc:subfield code="b">s</marc:subfield>
      <marc:subfield code="2">rdamedia</marc:subfield>
   </marc:datafield>
   <marc:datafield ind1=" " ind2=" " tag="338">
      <marc:subfield code="a">Audiodisk</marc:subfield>
      <marc:subfield code="b">sd</marc:subfield>
      <marc:subfield code="2">rdacarrier</marc:subfield>
   </marc:datafield>
   <marc:datafield ind1="0" ind2=" " tag="490">
      <marc:subfield code="a">Tacheles!</marc:subfield>
   </marc:datafield>
   <marc:datafield ind1="1" ind2="7" tag="610">
      <marc:subfield code="0">(DE-588)2116123-9</marc:subfield>
      <marc:subfield code="0">http://d-nb.info/gnd/2116123-9</marc:subfield>
      <marc:subfield code="0">(DE-101)007636040</marc:subfield>
      <marc:subfield code="a">Deutschland</marc:subfield>
      <marc:subfield code="b">Deutscher Bundestag</marc:subfield>
      <marc:subfield code="2">gnd</marc:subfield>
   </marc:datafield>
   <marc:datafield ind1=" " ind2="7" tag="650">
      <marc:subfield code="0">(DE-588)4173382-4</marc:subfield>
      <marc:subfield code="0">http://d-nb.info/gnd/4173382-4</marc:subfield>
      <marc:subfield code="0">(DE-101)041733827</marc:subfield>
      <marc:subfield code="a">Parlamentssitzung</marc:subfield>
      <marc:subfield code="2">gnd</marc:subfield>
   </marc:datafield>
   <marc:datafield ind1=" " ind2="7" tag="650">
      <marc:subfield code="0">(DE-588)4606717-6</marc:subfield>
      <marc:subfield code="0">http://d-nb.info/gnd/4606717-6</marc:subfield>
      <marc:subfield code="0">(DE-101)959857826</marc:subfield>
      <marc:subfield code="a">Atmosphäre</marc:subfield>
      <marc:subfield code="g">Stimmung</marc:subfield>
      <marc:subfield code="2">gnd</marc:subfield>
   </marc:datafield>
   <marc:datafield ind1=" " ind2="7" tag="650">
      <marc:subfield code="0">(DE-588)4173376-9</marc:subfield>
      <marc:subfield code="0">http://d-nb.info/gnd/4173376-9</marc:subfield>
      <marc:subfield code="0">(DE-101)041733762</marc:subfield>
      <marc:subfield code="a">Parlamentsdebatte</marc:subfield>
      <marc:subfield code="2">gnd</marc:subfield>
   </marc:datafield>
   <marc:datafield ind1=" " ind2="7" tag="650">
      <marc:subfield code="0">(DE-588)4076704-8</marc:subfield>
      <marc:subfield code="0">http://d-nb.info/gnd/4076704-8</marc:subfield>
      <marc:subfield code="0">(DE-101)040767043</marc:subfield>
      <marc:subfield code="a">Rhetorik</marc:subfield>
      <marc:subfield code="2">gnd</marc:subfield>
   </marc:datafield>
   <marc:datafield ind1=" " ind2=" " tag="653">
      <marc:subfield code="a">(Produktform)CD-Audio</marc:subfield>
   </marc:datafield>
   <marc:datafield ind1=" " ind2=" " tag="653">
      <marc:subfield code="a">(VLB-Produktgruppen)SD400</marc:subfield>
   </marc:datafield>
   <marc:datafield ind1=" " ind2=" " tag="653">
      <marc:subfield code="a">(VLB-WN)5979: Audio-CD, Kassette / Sachbücher/Politik, Gesellschaft, Wirtschaft/Sonstiges</marc:subfield>
   </marc:datafield>
   <marc:datafield ind1=" " ind2="7" tag="655">
      <marc:subfield code="0">(DE-588)4522869-3</marc:subfield>
      <marc:subfield code="0">http://d-nb.info/gnd/4522869-3</marc:subfield>
      <marc:subfield code="0">(DE-101)955174880</marc:subfield>
      <marc:subfield code="a">CD</marc:subfield>
      <marc:subfield code="2">gnd-carrier</marc:subfield>
   </marc:datafield>
   <marc:datafield ind1=" " ind2="7" tag="655">
      <marc:subfield code="a">CD</marc:subfield>
      <marc:subfield code="2">gnd</marc:subfield>
   </marc:datafield>
   <marc:datafield ind1="0" ind2="0" tag="689">
      <marc:subfield code="0">(DE-588)2116123-9</marc:subfield>
      <marc:subfield code="0">http://d-nb.info/gnd/2116123-9</marc:subfield>
      <marc:subfield code="0">(DE-101)007636040</marc:subfield>
      <marc:subfield code="D">b</marc:subfield>
      <marc:subfield code="a">Deutschland</marc:subfield>
      <marc:subfield code="b">Deutscher Bundestag</marc:subfield>
   </marc:datafield>
   <marc:datafield ind1="0" ind2="1" tag="689">
      <marc:subfield code="0">(DE-588)4173382-4</marc:subfield>
      <marc:subfield code="0">http://d-nb.info/gnd/4173382-4</marc:subfield>
      <marc:subfield code="0">(DE-101)041733827</marc:subfield>
      <marc:subfield code="D">s</marc:subfield>
      <marc:subfield code="a">Parlamentssitzung</marc:subfield>
   </marc:datafield>
   <marc:datafield ind1="0" ind2="2" tag="689">
      <marc:subfield code="0">(DE-588)4606717-6</marc:subfield>
      <marc:subfield code="0">http://d-nb.info/gnd/4606717-6</marc:subfield>
      <marc:subfield code="0">(DE-101)959857826</marc:subfield>
      <marc:subfield code="D">s</marc:subfield>
      <marc:subfield code="a">Atmosphäre</marc:subfield>
      <marc:subfield code="g">Stimmung</marc:subfield>
   </marc:datafield>
   <marc:datafield ind1="0" ind2="3" tag="689">
      <marc:subfield code="0">(DE-588)4173376-9</marc:subfield>
      <marc:subfield code="0">http://d-nb.info/gnd/4173376-9</marc:subfield>
      <marc:subfield code="0">(DE-101)041733762</marc:subfield>
      <marc:subfield code="D">s</marc:subfield>
      <marc:subfield code="a">Parlamentsdebatte</marc:subfield>
   </marc:datafield>
   <marc:datafield ind1="0" ind2="4" tag="689">
      <marc:subfield code="0">(DE-588)4076704-8</marc:subfield>
      <marc:subfield code="0">http://d-nb.info/gnd/4076704-8</marc:subfield>
      <marc:subfield code="0">(DE-101)040767043</marc:subfield>
      <marc:subfield code="D">s</marc:subfield>
      <marc:subfield code="a">Rhetorik</marc:subfield>
   </marc:datafield>
   <marc:datafield ind1="0" ind2="5" tag="689">
      <marc:subfield code="A">f</marc:subfield>
      <marc:subfield code="a">CD</marc:subfield>
   </marc:datafield>
   <marc:datafield ind1="0" ind2=" " tag="689">
      <marc:subfield code="5">DE-101</marc:subfield>
      <marc:subfield code="5">DE-101</marc:subfield>
   </marc:datafield>
   <marc:datafield ind1="1" ind2=" " tag="700">
      <marc:subfield code="0">(DE-588)120236974</marc:subfield>
      <marc:subfield code="0">http://d-nb.info/gnd/120236974</marc:subfield>
      <marc:subfield code="0">(DE-101)120236974</marc:subfield>
      <marc:subfield code="a">Willemsen, Roger</marc:subfield>
      <marc:subfield code="d">1955-2016</marc:subfield>
      <marc:subfield code="e">Mitwirkender</marc:subfield>
      <marc:subfield code="4">ctb</marc:subfield>
   </marc:datafield>
   <marc:datafield ind1="1" ind2=" " tag="700">
      <marc:subfield code="0">(DE-588)1050442342</marc:subfield>
      <marc:subfield code="0">http://d-nb.info/gnd/1050442342</marc:subfield>
      <marc:subfield code="0">(DE-101)1050442342</marc:subfield>
      <marc:subfield code="a">Schiedeck, Annette</marc:subfield>
      <marc:subfield code="e">Mitwirkender</marc:subfield>
      <marc:subfield code="4">ctb</marc:subfield>
   </marc:datafield>
   <marc:datafield ind1="1" ind2=" " tag="700">
      <marc:subfield code="0">(DE-588)141522186</marc:subfield>
      <marc:subfield code="0">http://d-nb.info/gnd/141522186</marc:subfield>
      <marc:subfield code="0">(DE-101)141522186</marc:subfield>
      <marc:subfield code="a">Krause, Jens-Uwe</marc:subfield>
      <marc:subfield code="e">Mitwirkender</marc:subfield>
      <marc:subfield code="4">ctb</marc:subfield>
   </marc:datafield>
   <marc:datafield ind1=" " ind2=" " tag="850">
      <marc:subfield code="a">DE-101a</marc:subfield>
      <marc:subfield code="a">DE-101b</marc:subfield>
   </marc:datafield>
   <marc:datafield ind1="4" ind2="2" tag="856">
      <marc:subfield code="m">X:MVB</marc:subfield>
      <marc:subfield code="q">text/html</marc:subfield>
      <marc:subfield code="u">http://deposit.dnb.de/cgi-bin/dokserv?id=4517217&amp;prov=M&amp;dok_var=1&amp;dok_ext=htm</marc:subfield>
      <marc:subfield code="3">Inhaltstext</marc:subfield>
   </marc:datafield>
   <marc:datafield ind1="r" ind2=" " tag="925">
      <marc:subfield code="a">ra</marc:subfield>
   </marc:datafield>
</marc:record>
